Przetłumacz słowa na język angielski #2 - Statystyki

Ogólne statystyki
  • Ten quiz został rozwiązany 292 razy
  • Średni wynik to 12 z 20
Statystyki odpowiedzi
Słowo po polsku Słowo po angielsku % Poprawnych
żółty yellow
100%
niedziela Sunday
98%
miód honey
92%
cebula onion
89%
koszykówka basketball
85%
strażak firefighter, fireman
84%
księżniczka princess
84%
najgorszy worst
83%
czołg tank
75%
napiwek gratuity, tip
64%
gąbka sponge, duster
64%
linijka line, ruler
63%
rozdział chapter, apportionment, unit
58%
niepodległość independence
39%
schemat scheme, outline
36%
foka seal
35%
beton concrete
25%
szuflada drawer
24%
opuchlizna puffiness, swelling
10%
rozmyślnie deliberately, wittingly
4%
Nie znaleziono quizów pasujących do podanych kryteriów
Rozkład punktacji
Procent ludzi z każdym wynikiem
Percentyl według liczby udzielonych odpowiedzi
Twoja historia wyników
Nie rozwiązałeś tego quizu